[Event "Assisi op-B 4th"]
[Site "Assisi"]
[Date "2008.12.20"]
[Round "2"]
[White "Cesarini, Leopoldo"]
[Black "Seravelli, Paolo"]
[Result "1-0"]
[WhiteElo "1920"]
[BlackElo "1810"]
[PlyCount "112"]
[EventDate "2008.12.20"]
[EventType "swiss"]
[EventRounds "7"]
[EventCountry "ITA"]
[SourceTitle "EXT 2010"]
[Source "ChessBase"]
[SourceDate "2010.11.25"]
[SourceVersion "1"]
[SourceVersionDate "2010.11.25"]
[SourceQuality "1"]

1. Nf3 Nc6 2. d4 d5 3. b3 Nf6 4. Bb2 Bg4 5. Nbd2 e6 6. e3 a6 7. a3 Bd6 8. Be2 0-0 9. c4 Re8 10. Ne5 Bxe2 11. Qxe2 Bxe5 12. dxe5 Nd7 13. Nf3 f6 14. exf6 Nxf6 15. 0-0 Qe7 16. b4 Rad8 17. Rac1 Qf7 18. b5 axb5 19. cxb5 Na5 20. Ne5 Qe7 21. Qc2 Nc4 22. Nxc4 dxc4 23. Qxc4 Rd7 24. e4 Red8 25. h3 Kh8 26. a4 e5 27. a5 Nh5 28. Qc5 Re8 29. Qxe7 Rdxe7 30. g3 Nf6 31. Rfe1 h6 32. Rc5 g5 33. Rc4 Kg7 34. Rec1 Rc8 35. Ba3 Rd7 36. Bb2 Re7 37. Kg2 Kg6 38. Kf3 h5 39. Ke3 Ne8 40. Rc5 g4 41. hxg4 hxg4 42. Bxe5 c6 43. bxc6 bxc6 44. Rxc6+ Rxc6 45. Rxc6+ Kf7 46. Bd4 Rb7 47. a6 Rb3+ 48. Rc3 Rb8 49. a7 Ra8 50. Rc6 Rd8 51. e5 Ng7 52. Bb6 Re8 53. Rf6+ Kg8 54. Ke4 Nh5 55. Rd6 Kf7 56. Rd8 Nf6+ 1-0